LEADER 02366nam 2200565 a 450 001 9910465674103321 005 20200520144314.0 010 $a1-84779-622-2 010 $a1-78170-099-0 010 $a1-84779-170-0 035 $a(CKB)2560000000085700 035 $a(EBL)1069524 035 $a(OCoLC)818847219 035 $a(SSID)ssj0000747079 035 $a(PQKBManifestationID)12342163 035 $a(PQKBTitleCode)TC0000747079 035 $a(PQKBWorkID)10703889 035 $a(PQKB)11310501 035 $a(StDuBDS)EDZ0000086870 035 $a(MiAaPQ)EBC1069524 035 $a(Au-PeEL)EBL1069524 035 $a(CaPaEBR)ebr10623223 035 $a(EXLCZ)992560000000085700 100 $a20121130d2006 uy 0 101 0 $aeng 135 $aurcn||||||||| 181 $ctxt 182 $cc 183 $acr 200 10$aHollywood romantic comedy$b[electronic resource] $estates of the union, 1934-65 /$fKathrina Glitre 210 $aManchester $cManchester University Press$d2006 215 $a1 online resource (207 p.) 300 $aDescription based upon print version of record. 311 $a0-7190-7079-1 311 $a0-7190-7078-3 320 $aIncludes bibliographical references and index. 327 $apt. I. Hollywood romantic comedy -- pt. II. Marriage -- pt. III. Equality -- pt. IV. Desire. 330 $aThis work explores the changing representation of the couple in romantic comedy, focusing on the key themes of marriage, equality and desire. It considers the three cycles of production: screwball comedy in the thirties; career woman comedy in the forties; and sex comedy in the fifties. This work analyses shifting discourses around heterosexuality, gender, romance and love; includes detailed discussion of Myrna Loy and William Powell, Katharine Hepburn and Spencer Tracy, and Doris Day and Rock Hudson; and, enables a more sophisticated understanding of the functions of such generic conventions 606 $aMotion picture industry$zCalifornia$zHollywood (Los Angeles) 608 $aElectronic books. 615 0$aMotion picture industry 676 $a791.43617 700 $aGlitre$b Kathrina$0973722 801 0$bMiAaPQ 801 1$bMiAaPQ 801 2$bMiAaPQ 906 $aBOOK 912 $a9910465674103321 996 $aHollywood romantic comedy$92215919 997 $aUNINA LEADER 00784nam0-2200277 --450 001 9910986687603321 005 20250328183402.0 010 $a9780199549528 100 $a20250328d2023----kmuy0itay5050 ba 101 0 $aeng 102 $aGB 105 $aa 001yy 200 1 $aRiver ecology$escience and management for a changing world$fMichael A. Mallin 210 $aUnited Kingdom$cOxford University Press$d2023 215 $avi, 415 p.$cill.$d25 cm 610 0 $aEcologia 610 0 $aFiumi 676 $a577.1$v23$zita 700 1$aMallin,$bMichael A.$01420376 801 0$aIT$bUNINA$gREICAT$2UNIMARC 901 $aBK 912 $a9910986687603321 952 $a577.1 MALM 2023$b00/0120/25$fFAGBC 959 $aFAGBC 996 $aRiver ecology$94347943 997 $aUNINA